000
00269nam a22001337a 4500
041
_a
ENG
100
_a
M.G Som
245
_a
Vegtable Crops Vol 3
260
_a
Delhi
_b
AStral
_c
2021
300
_a
1040
650
_a
Agricural
700
_a
T.K Bose
856
_u
Agricural
999
_c
3221
_d
3221